NBA 2K Cover Athlete - Statistics

General Stats
  • This quiz has been taken 123 times
  • The average score is 15 of 15
Answer Stats
Picture Answer % Correct
Anthony Davis
100%
Kevin Durant
100%
Kobe Bryant
100%
LeBron James
100%
Luka Doncic
100%
Michael Jordan
100%
Steph Curry
100%
Derrick Rose
99%
Devin Booker
99%
Giannis Antetokounmpo
99%
Jayson Tatum
99%
Kyrie Irving
98%
Paul George
98%
Damian Lillard
96%
Michael Jordan
95%
No matching quizzes found
Score Distribution
Percent of People with Each Score
Percentile by Number Answered
Your Score History
You have not taken this quiz